The Hottest Ideas in Word of Mouth Advertising. (Record no. 4598)

MARC details
000 -LEADER
fixed length control field 00409nam a22001697a 4500
005 - DATE AND TIME OF LATEST TRANSACTION
control field 20260509141811.0
008 - FIXED-LENGTH DATA ELEMENTS--GENERAL INFORMATION
fixed length control field 160629b xxu||||| |||| 00| 0 eng d
020 ## - INTERNATIONAL STANDARD BOOK NUMBER
ISBN 81-7649-965-X
041 ## - LANGUAGE CODE
Language code of text/sound track or separate title eng
082 ## - DEWEY DECIMAL CLASSIFICATION NUMBER
Classification number 659.1
100 ## - MAIN ENTRY--AUTHOR NAME
Personal name Harris, God drey
245 ## - TITLE STATEMENT
Title The Hottest Ideas in Word of Mouth Advertising.
260 ## - PUBLICATION, DISTRIBUTION, ETC. (IMPRINT)
Name of publisher Viva Books
Year of publication 2005
300 ## - PHYSICAL DESCRIPTION
Number of Pages 252
650 ## - SUBJECT ADDED ENTRY--TOPICAL TERM
Topical Term Management
942 ## - ADDED ENTRY ELEMENTS (KOHA)
Koha item type Books
Holdings
Lost status Damaged status Collection code Home library Current library Shelving location Date acquired Cost, normal purchase price Full call number Accession Number Koha item type
    LIFE SKILL JRU Library JRU Library SHELF-73-D 29/06/2016 250.00 659.1 10991 Books